[Event "CAN-op"]
[Site "Edmonton CAN"]
[Date "2005.07.15"]
[Round "8.96"]
[White "Enns, Edward"]
[Black "Palcic, Branko"]
[Result "1-0"]
[WhiteElo "1245"]
[BlackElo "1433"]
[PlyCount "25"]
[GameId "2160767910902077"]
[EventDate "2005.07.09"]
[EventType "swiss"]
[EventRounds "10"]
[EventCountry "CAN"]

1. e4 e6 2. d4 d5 3. e5 c5 4. c3 Nc6 5. Nf3 b6 6. Bb5 Bb7 7. O-O Nge7 8. Bg5 f6 9. exf6 gxf6 10. Bxf6 Rg8 11. Ne5 Qd6 12. Qh5+ Ng6 13. Qxh7 1-0

[Event "CAN-op"]
[Site "Edmonton CAN"]
[Date "2005.07.15"]
[Round "8.97"]
[White "Mrugala, Jonathan"]
[Black "Ross, Malcolm"]
[Result "0-1"]
[WhiteElo "1367"]
[BlackElo "1251"]
[PlyCount "136"]
[GameId "2160767910902078"]
[EventDate "2005.07.09"]
[EventType "swiss"]
[EventRounds "10"]
[EventCountry "CAN"]

1. d4 d5 2. c4 dxc4 3. Nc3 Nf6 4. e4 e6 5. Bxc4 Bb4 6. Qa4+ Nc6 7. Bb5 Bxc3+ 8. bxc3 Bd7 9. Nf3 Nxe4 10. Qc2 Nd6 11. Bd3 Ne7 12. O-O Bc6 13. Ne5 f5 14. Qb3 Bd5 15. Qa4+ Bc6 16. Qd1 O-O 17. Re1 Be4 18. Bg5 Bxd3 19. Nxd3 Ne4 20. Bd2 b6 21. Nf4 Qd6 22. f3 Nxd2 23. Qxd2 Rf6 24. Qe3 Nd5 25. Nxd5 Qxd5 26. Qd2 c5 27. Re5 Qd6 28. Rae1 cxd4 29. cxd4 Rd8 30. d5 Qc5+ 31. Kh1 Rxd5 32. Rxd5 Qxd5 33. Qc3 Qxa2 34. Rd1 h6 35. h3 Rg6 36. Qc8+ Kh7 37. Rg1 Qa5 38. Rd1 Qc5 39. Qd7 a5 40. Qe8 Qc2 41. Rg1 a4 42. Qa8 e5 43. Qf8 Rf6 44. Qe7 Qc5 45. Qa7 a3 46. g4 Qe3 47. Qb7 Rg6 48. Kg2 Qe2+ 49. Kh1 e4 50. Rg2 Qxf3 51. Kh2 fxg4 52. hxg4 Rxg4 53. Rxg4 Qxg4 54. Qf7 Qe2+ 55. Kh3 Qf3+ 56. Qxf3 exf3 57. Kg3 a2 58. Kxf3 a1=Q 59. Ke4 b5 60. Kd5 Qc3 61. Ke4 b4 62. Kd5 b3 63. Ke4 b2 64. Kd5 b1=Q 65. Kd6 Qbb4+ 66. Kd7 Qcd4+ 67. Kc6 Qbc5+ 68. Kb7 Qb6+ 0-1

[Event "CAN-op"]
[Site "Edmonton CAN"]
[Date "2005.07.15"]
[Round "8.99"]
[White "Lawson, Bianca"]
[Black "Milner, Din"]
[Result "1-0"]
[WhiteElo "1327"]
[BlackElo "1132"]
[PlyCount "55"]
[GameId "2160767910902079"]
[EventDate "2005.07.09"]
[EventType "swiss"]
[EventRounds "10"]
[EventCountry "CAN"]

1. e4 d5 2. exd5 Qxd5 3. Nc3 Qa5 4. d4 Nf6 5. h3 Ne4 6. Qf3 Nxc3 7. Qxc3 Qxc3+ 8. bxc3 Bf5 9. Bd3 Bxd3 10. cxd3 e6 11. Nf3 Nc6 12. O-O Bd6 13. Bd2 e5 14. Rfe1 f6 15. dxe5 Nxe5 16. d4 O-O-O 17. dxe5 fxe5 18. Bg5 Rde8 19. Re4 h6 20. Bd2 Rhf8 21. Rae1 Re6 22. c4 Rg6 23. Kf1 Bc5 24. Rxe5 Bb6 25. Bb4 Rf4 26. Re8+ Kd7 27. R1e7+ Kc6 28. Ne5# 1-0

[Event "CAN-op"]
[Site "Edmonton CAN"]
[Date "2005.07.15"]
[Round "8.101"]
[White "Meller, Jeremy"]
[Black "Meller, Kenneth"]
[Result "0-1"]
[WhiteElo "1143"]
[BlackElo "1367"]
[PlyCount "86"]
[GameId "2160767910902081"]
[EventDate "2005.07.09"]
[EventType "swiss"]
[EventRounds "10"]
[EventCountry "CAN"]

1. e4 e5 2. c4 Nc6 3. Nf3 Nf6 4. d3 Be7 5. Be3 O-O 6. d4 exd4 7. Bxd4 Nxe4 8. Ne5 Nxe5 9. Bxe5 d6 10. Nd2 Nxd2 11. Qxd2 dxe5 12. Qxd8 Rxd8 13. f3 Bb4+ 14. Ke2 Rd2+ 15. Ke3 Rxb2 16. a3 Bc3 17. Rc1 Bd4+ 18. Ke4 f5+ 19. Kd3 Be6 20. f4 Rb3+ 21. Ke2 Rxa3 22. g3 e4 23. Bg2 Rd8 24. Rhd1 Rd7 25. c5 Ra2+ 26. Kf1 c6 27. Re1 e3 28. Bf3 Rxh2 29. Re2 Rh3 30. Kg2 Rh6 31. Rh1 Rxh1 32. Kxh1 Bxc5 33. Kg1 Rd1+ 34. Kg2 Bd5 35. Bxd5+ cxd5 36. Rc2 Rd2+ 37. Rxd2 exd2 38. Kh3 d1=Q 39. Kg2 Qe2+ 40. Kh3 Qf3 41. Kh2 Bf2 42. g4 Qg3+ 43. Kh1 Qg1# 0-1

[Event "CAN-op"]
[Site "Edmonton CAN"]
[Date "2005.07.15"]
[Round "8.102"]
[White "Dean, Earl"]
[Black "Pradzinski, Stephanie"]
[Result "1-0"]
[WhiteElo "1296"]
[BlackElo "867"]
[PlyCount "49"]
[GameId "2160767910902082"]
[EventDate "2005.07.09"]
[EventType "swiss"]
[EventRounds "10"]
[EventCountry "CAN"]

1. e4 e5 2. Nf3 Nc6 3. Bb5 a6 4. Ba4 b5 5. Bb3 Nf6 6. d3 Bb4+ 7. c3 Be7 8. Bd5 O-O 9. O-O Bb7 10. Nxe5 Qe8 11. Bg5 h6 12. Bxf6 Bxf6 13. Ng6 Na5 14. b4 Bxd5 15. exd5 Nb7 16. Nxf8 Qxf8 17. Re1 Be7 18. Nd2 Re8 19. Qg4 f5 20. Qg6 Qf7 21. Qxf7+ Kxf7 22. Nf3 a5 23. a3 a4 24. Ne5+ Kf8 25. Nxd7+ 1-0

[Event "CAN-op"]
[Site "Edmonton CAN"]
[Date "2005.07.16"]
[Round "9"]
[White "Abrahams, Daniel"]
[Black "Smith, Maurice"]
[Result "1-0"]
[WhiteElo "1946"]
[BlackElo "1708"]
[PlyCount "95"]
[GameId "2160767910902083"]
[EventDate "2005.07.09"]
[EventType "swiss"]
[EventRounds "10"]
[EventCountry "CAN"]
[SourceTitle "CBM 107 Extra"]
[Source "ChessBase"]
[SourceDate "2005.09.01"]
[SourceVersion "1"]
[SourceVersionDate "2005.09.01"]
[SourceQuality "1"]

1. e4 d6 2. d4 Nf6 3. Nc3 g6 4. f4 Bg7 5. Nf3 c5 6. dxc5 Qa5 7. cxd6 Nxe4 8. Bd2 Nxd2 9. Qxd2 Bxc3 10. bxc3 O-O 11. dxe7 Re8 12. Be2 Rxe7 13. O-O Nc6 14. Bd3 Bg4 15. Kh1 Rae8 16. h3 Bxf3 17. Rxf3 Nd4 18. Rf2 Nc6 19. f5 Rd7 20. Qh6 Qc5 21. Raf1 Ne5 22. fxg6 fxg6 23. Be2 Qe7 24. Qe3 Qg7 25. Qxa7 Rc7 26. Qa5 Rec8 27. Qd5+ Nf7 28. Rxf7 Rxf7 29. Bc4 Rxc4 30. Qxc4 Qf8 31. Qxf7+ Qxf7 32. Rxf7 Kxf7 33. Kg1 Ke6 34. Kf2 Kd5 35. Ke3 Kc4 36. Kd2 g5 37. g3 h5 38. h4 g4 39. Ke3 Kxc3 40. Kf4 b5 41. Kg5 Kxc2 42. Kxh5 Kb2 43. Kxg4 Kxa2 44. h5 b4 45. h6 b3 46. h7 b2 47. h8=Q b1=Q 48. Qa8+ 1-0

[Event "CAN-op"]
[Site "Edmonton CAN"]
[Date "2005.07.16"]
[Round "9"]
[White "Achtemichuk, Chris"]
[Black "Sullivan, Brian"]
[Result "1-0"]
[WhiteElo "1514"]
[BlackElo "1674"]
[PlyCount "57"]
[GameId "2160767910902084"]
[EventDate "2005.07.09"]
[EventType "swiss"]
[EventRounds "10"]
[EventCountry "CAN"]
[SourceTitle "CBM 107 Extra"]
[Source "ChessBase"]
[SourceDate "2005.09.01"]
[SourceVersion "1"]
[SourceVersionDate "2005.09.01"]
[SourceQuality "1"]

1. e4 d5 2. exd5 Nf6 3. d4 Nxd5 4. c4 Nf6 5. Bf4 g6 6. Nc3 c6 7. Nf3 Bg7 8. Qd2 O-O 9. h3 Na6 10. Bh6 Qa5 11. a3 Ne4 12. Nxe4 Qxd2+ 13. Bxd2 c5 14. Bc3 Bf5 15. Ng3 Bc2 16. Rc1 Bb3 17. d5 Bh6 18. Ra1 b5 19. Nd2 Bxd2+ 20. Bxd2 Bxc4 21. Rc1 Nc7 22. Bxc4 bxc4 23. Rxc4 Nxd5 24. Rxc5 e6 25. O-O Rfd8 26. Rfc1 h5 27. Ne2 Rab8 28. b4 Nb6 29. Bf4 1-0

[Event "CAN-op"]
[Site "Edmonton CAN"]
[Date "2005.07.16"]
[Round "9"]
[White "Asquith, Tom"]
[Black "Ingram, Richard"]
[Result "1-0"]
[WhiteElo "1789"]
[BlackElo "2056"]
[PlyCount "35"]
[GameId "2160767910902085"]
[EventDate "2005.07.09"]
[EventType "swiss"]
[EventRounds "10"]
[EventCountry "CAN"]
[SourceTitle "CBM 107 Extra"]
[Source "ChessBase"]
[SourceDate "2005.09.01"]
[SourceVersion "1"]
[SourceVersionDate "2005.09.01"]
[SourceQuality "1"]

1. c4 Nf6 2. g3 g6 3. Bg2 Bg7 4. Nc3 d6 5. b4 Nfd7 6. Bb2 c6 7. Qc2 O-O 8. e4 Na6 9. a3 e5 10. Nge2 Nc7 11. O-O Nf6 12. f4 Be6 13. d3 Ng4 14. Qd2 Na6 15. h3 Qb6+ 16. c5 dxc5 17. Na4 Qb5 18. Nec3 1-0

[Event "CAN-op"]
[Site "Edmonton CAN"]
[Date "2005.07.16"]
[Round "9"]
[White "Barber, Glen"]
[Black "Hyseni, Astrit"]
[Result "1-0"]
[WhiteElo "2005"]
[BlackElo "1805"]
[PlyCount "43"]
[GameId "2160767910902086"]
[EventDate "2005.07.09"]
[EventType "swiss"]
[EventRounds "10"]
[EventCountry "CAN"]
[SourceTitle "CBM 107 Extra"]
[Source "ChessBase"]
[SourceDate "2005.09.01"]
[SourceVersion "1"]
[SourceVersionDate "2005.09.01"]
[SourceQuality "1"]

1. e4 e5 2. Nf3 d6 3. Bc4 Be6 4. Bb3 h6 5. d4 Bxb3 6. axb3 exd4 7. Nxd4 Nf6 8. Nc3 c5 9. Nf5 g6 10. Ne3 Nc6 11. O-O Bg7 12. Ned5 O-O 13. Bf4 Nh5 14. Be3 Ne5 15. f3 f5 16. exf5 Rxf5 17. g4 Rg5 18. Bxg5 Qxg5 19. Ne4 Nxf3+ 20. Qxf3 Qxd5 21. gxh5 Rf8 22. Nf6+ 1-0

[Event "CAN-op"]
[Site "Edmonton CAN"]
[Date "2005.07.16"]
[Round "9"]
[White "Barclay, Wayne"]
[Black "Graves, Charles"]
[Result "1/2-1/2"]
[WhiteElo "2243"]
[BlackElo "2000"]
[PlyCount "89"]
[GameId "2160767910902087"]
[EventDate "2005.07.09"]
[EventType "swiss"]
[EventRounds "10"]
[EventCountry "CAN"]
[SourceTitle "CBM 107 Extra"]
[Source "ChessBase"]
[SourceDate "2005.09.01"]
[SourceVersion "1"]
[SourceVersionDate "2005.09.01"]
[SourceQuality "1"]

1. d4 f5 2. g3 e6 3. Bg2 Nf6 4. Nh3 Be7 5. O-O O-O 6. c4 d6 7. Qb3 c6 8. Nc3 Na6 9. Rd1 Qe8 10. f3 e5 11. Be3 Kh8 12. Rd2 Nh5 13. f4 exf4 14. gxf4 Bg5 15. Nd1 Bh4 16. Bf2 Qe7 17. Qf3 Bxf2+ 18. Qxf2 Bd7 19. Nc3 Nc7 20. Re1 Rae8 21. e3 h6 22. Bf3 Nf6 23. Qh4 Ne4 24. Qxe7 Rxe7 25. Nxe4 fxe4 26. Bg2 Bf5 27. b4 d5 28. c5 Ne8 29. Rb2 a6 30. Nf2 Nf6 31. a4 Ra8 32. Reb1 Bd7 33. Bf1 Ree8 34. Be2 Rf8 35. Kf1 Kh7 36. Ke1 g5 37. fxg5 hxg5 38. Kd2 Kg6 39. h3 Rh8 40. Bf1 Rhd8 41. Kc3 Rh8 42. Bg2 Rhf8 43. Rg1 Rh8 44. Bf1 Rh4 45. Rb1 1/2-1/2

[Event "CAN-op"]
[Site "Edmonton CAN"]
[Date "2005.07.16"]
[Round "9"]
[White "Baser, John"]
[Black "Yam, Alex"]
[Result "0-1"]
[WhiteElo "1815"]
[BlackElo "2048"]
[PlyCount "56"]
[GameId "2160767910902088"]
[EventDate "2005.07.09"]
[EventType "swiss"]
[EventRounds "10"]
[EventCountry "CAN"]
[SourceTitle "CBM 107 Extra"]
[Source "ChessBase"]
[SourceDate "2005.09.01"]
[SourceVersion "1"]
[SourceVersionDate "2005.09.01"]
[SourceQuality "1"]

1. e4 e6 2. d4 d5 3. Nd2 Be7 4. Bd3 dxe4 5. Nxe4 Nd7 6. f4 Bh4+ 7. g3 Be7 8. Nf3 b6 9. c3 Bb7 10. O-O Ngf6 11. Nf2 c5 12. Re1 O-O 13. Ne5 cxd4 14. cxd4 Nxe5 15. fxe5 Qd5 16. Ne4 Qxd4+ 17. Be3 Qxe5 18. Nxf6+ Bxf6 19. Kf2 Rfd8 20. Qc2 Rac8 21. Bxh7+ Kh8 22. Qb1 Qh5 23. Be4 Bxe4 24. Qxe4 Bxb2 25. Rab1 f5 26. Qxe6 Rc2+ 27. Kf1 Qf3+ 28. Bf2 Qxf2# 0-1

[Event "CAN-op"]
[Site "Edmonton CAN"]
[Date "2005.07.16"]
[Round "9"]
[White "Beebe, Greg"]
[Black "Mattson, Dane"]
[Result "0-1"]
[WhiteElo "1637"]
[BlackElo "1819"]
[PlyCount "70"]
[GameId "2160767910902089"]
[EventDate "2005.07.09"]
[EventType "swiss"]
[EventRounds "10"]
[EventCountry "CAN"]
[SourceTitle "CBM 107 Extra"]
[Source "ChessBase"]
[SourceDate "2005.09.01"]
[SourceVersion "1"]
[SourceVersionDate "2005.09.01"]
[SourceQuality "1"]

1. c4 e6 2. g3 d5 3. Bg2 Nf6 4. Nf3 Bd6 5. O-O O-O 6. b3 c6 7. Bb2 Nbd7 8. Qc2 e5 9. d3 Re8 10. Nbd2 Nf8 11. e4 d4 12. a4 c5 13. Bc1 Ng6 14. Ng5 Bd7 15. Kh1 h6 16. Nh3 Qc8 17. Ng1 h5 18. h4 Ng4 19. Ndf3 Qd8 20. Nh2 Kh7 21. Nxg4 hxg4 22. Bg5 Be7 23. Qc1 Bxg5 24. Qxg5 Qxg5 25. hxg5 Nf8 26. f3 gxf3 27. Rxf3 Kg6 28. Raf1 Re7 29. Bh3 Be6 30. Bxe6 Nxe6 31. Nh3 Rh8 32. Kg2 Rxh3 33. Rf5 Rh5 34. Rxe5 Rxg5 35. Rff5 Nf4+ 0-1

[Event "CAN-op"]
[Site "Edmonton CAN"]
[Date "2005.07.16"]
[Round "9"]
[White "Bertrand, Daryl"]
[Black "Gulati, Justin"]
[Result "1-0"]
[WhiteElo "1987"]
[BlackElo "2122"]
[PlyCount "73"]
[GameId "2160767910902090"]
[EventDate "2005.07.09"]
[EventType "swiss"]
[EventRounds "10"]
[EventCountry "CAN"]
[SourceTitle "CBM 107 Extra"]
[Source "ChessBase"]
[SourceDate "2005.09.01"]
[SourceVersion "1"]
[SourceVersionDate "2005.09.01"]
[SourceQuality "1"]

1. e4 g6 2. d4 Bg7 3. Nc3 d6 4. h3 a6 5. Nf3 b5 6. Be2 Bb7 7. e5 Qd7 8. Be3 b4 9. Nb1 Nc6 10. exd6 cxd6 11. Nbd2 Nf6 12. O-O Nd5 13. Nc4 Qc7 14. Qd2 h6 15. a3 f5 16. Bd3 Nxe3 17. fxe3 d5 18. Nce5 Nxe5 19. Nxe5 Bxe5 20. dxe5 bxa3 21. Rxa3 Qxe5 22. Qb4 Qc7 23. Rc3 Qd7 24. Qb6 Qd6 25. Qxb7 Kf7 26. Qc6 Qe5 27. e4 dxe4 28. Bxe4 Kg7 29. Bd3 Rab8 30. Qxa6 Rxb2 31. Rc6 Qe3+ 32. Kh1 Qg5 33. Re1 Rbb8 34. Rxg6+ Qxg6 35. Rxe7+ Qf7 36. Rxf7+ Kxf7 37. Bxf5 1-0

[Event "CAN-op"]
[Site "Edmonton CAN"]
[Date "2005.07.16"]
[Round "9"]
[White "Blackwell, Ross"]
[Black "Wihnon, Jason"]
[Result "0-1"]
[WhiteElo "1476"]
[BlackElo "1723"]
[PlyCount "96"]
[GameId "2160767910902091"]
[EventDate "2005.07.09"]
[EventType "swiss"]
[EventRounds "10"]
[EventCountry "CAN"]
[SourceTitle "CBM 107 Extra"]
[Source "ChessBase"]
[SourceDate "2005.09.01"]
[SourceVersion "1"]
[SourceVersionDate "2005.09.01"]
[SourceQuality "1"]

1. d4 Nf6 2. c4 g6 3. Nc3 d5 4. cxd5 Nxd5 5. e4 Nxc3 6. bxc3 Bg7 7. Bc4 c5 8. Ne2 O-O 9. O-O cxd4 10. cxd4 Nc6 11. Be3 Na5 12. Bd3 Nc6 13. Bc2 Bg4 14. f3 Bd7 15. Rb1 b6 16. Qd2 Na5 17. Bd3 Rc8 18. Rfc1 Bc6 19. Bh6 Qd7 20. Bxg7 Kxg7 21. Ba6 Bb7 22. Bxb7 Nxb7 23. Rxc8 Rxc8 24. Rc1 Rc7 25. Rxc7 Qxc7 26. Qc3 Qxc3 27. Nxc3 Kf8 28. Kf2 Ke8 29. f4 Kd7 30. Ke3 Nd6 31. a4 Nb7 32. g4 Na5 33. Kd3 Nb7 34. h4 a6 35. f5 e6 36. fxe6+ fxe6 37. Ke3 Nd6 38. Kf4 h6 39. d5 b5 40. axb5 axb5 41. dxe6+ Kxe6 42. Nb1 Nc4 43. g5 h5 44. e5 b4 45. Ke4 Nxe5 46. Nd2 Nc6 47. Nb3 Ne7 48. Nd4+ Kd6 0-1

[Event "CAN-op"]
[Site "Edmonton CAN"]
[Date "2005.07.16"]
[Round "9"]
[White "Boron, Anthony"]
[Black "Day, Jonathan"]
[Result "1-0"]
[WhiteElo "1966"]
[BlackElo "1741"]
[PlyCount "93"]
[GameId "2160767910902093"]
[EventDate "2005.07.09"]
[EventType "swiss"]
[EventRounds "10"]
[EventCountry "CAN"]
[SourceTitle "CBM 107 Extra"]
[Source "ChessBase"]
[SourceDate "2005.09.01"]
[SourceVersion "1"]
[SourceVersionDate "2005.09.01"]
[SourceQuality "1"]

1. e4 e6 2. d3 d5 3. Nd2 Nc6 4. Ngf3 Bc5 5. c3 Qf6 6. d4 Bb6 7. Bd3 Bd7 8. O-O O-O-O 9. a4 g6 10. Nb3 a5 11. Bg5 Qg7 12. Bxd8 Kxd8 13. e5 Nge7 14. Qd2 h6 15. Rfe1 g5 16. g3 g4 17. Nh4 f6 18. exf6 Qxf6 19. Rf1 e5 20. Bb5 exd4 21. cxd4 Bxd4 22. Bxc6 Nxc6 23. Rad1 Bb6 24. Qxd5 Ne5 25. Nc5 Bxc5 26. Qxc5 Kc8 27. Qxa5 c6 28. Qc3 Nf3+ 29. Nxf3 Qxc3 30. bxc3 gxf3 31. Rfe1 Rg8 32. Re7 Bg4 33. h4 h5 34. a5 Rf8 35. Re5 Kb8 36. Rde1 Ka7 37. Rb1 Rd8 38. Re7 Bc8 39. Re5 Rh8 40. Kf1 Bg4 41. Ke1 Rd8 42. Re7 Rd7 43. Rxd7 Bxd7 44. Rb4 Ka6 45. Kd2 c5 46. Rf4 Bc6 47. Rf5 1-0

[Event "CAN-op"]
[Site "Edmonton CAN"]
[Date "2005.07.16"]
[Round "9"]
[White "Breel, Kevin"]
[Black "Pradzinski, Tim"]
[Result "0-1"]
[WhiteElo "1544"]
[BlackElo "1894"]
[PlyCount "44"]
[GameId "2160767910902094"]
[EventDate "2005.07.09"]
[EventType "swiss"]
[EventRounds "10"]
[EventCountry "CAN"]
[SourceTitle "CBM 107 Extra"]
[Source "ChessBase"]
[SourceDate "2005.09.01"]
[SourceVersion "1"]
[SourceVersionDate "2005.09.01"]
[SourceQuality "1"]

1. c4 e5 2. Nc3 Nf6 3. e4 Nc6 4. g3 Bb4 5. Nge2 d6 6. Bg2 Be6 7. d3 Qd7 8. O-O Bh3 9. Be3 h5 10. f4 Bxg2 11. Kxg2 Ng4 12. Bg1 h4 13. f5 hxg3 14. Nxg3 Rxh2+ 15. Kf3 Rxb2 16. Kxg4 Bxc3 17. Qc1 Rc2 18. Qxc2 Bxa1 19. Rxa1 O-O-O 20. Qa4 Rh8 21. Be3 g6 22. Kf3 Nd4+ 0-1

[Event "CAN-op"]
[Site "Edmonton CAN"]
[Date "2005.07.16"]
[Round "9"]
[White "Bullerkist, Caitlin"]
[Black "Gauer, Kai"]
[Result "0-1"]
[WhiteElo "1226"]
[BlackElo "1132"]
[PlyCount "120"]
[GameId "2160767910902095"]
[EventDate "2005.07.09"]
[EventType "swiss"]
[EventRounds "10"]
[EventCountry "CAN"]
[SourceTitle "CBM 107 Extra"]
[Source "ChessBase"]
[SourceDate "2005.09.01"]
[SourceVersion "1"]
[SourceVersionDate "2005.09.01"]
[SourceQuality "1"]

1. e4 e6 2. Nf3 d5 3. exd5 exd5 4. d4 Qe7+ 5. Qe2 Qxe2+ 6. Bxe2 Bg4 7. h3 Bf5 8. Bd3 Bxd3 9. cxd3 Bb4+ 10. Nc3 Nc6 11. O-O O-O-O 12. Bg5 f6 13. Bf4 Nge7 14. Nb5 Ba5 15. a3 a6 16. Nc3 Rhe8 17. b4 Bb6 18. Ne2 Nf5 19. Be3 Re6 20. Rfe1 Nxe3 21. fxe3 Rxe3 22. Rad1 Rde8 23. Kf1 h5 24. Rd2 Nxd4 25. Nfxd4 Bxd4 26. Rdd1 Ba7 27. Nf4 Rxe1+ 28. Rxe1 Rxe1+ 29. Kxe1 g6 30. Nxd5 Bd4 31. Ke2 h4 32. Kf3 Kd7 33. Nf4 g5 34. Ne2 Bb2 35. a4 b5 36. axb5 axb5 37. Kg4 Ba3 38. Kf5 Ke7 39. Nd4 Kf7 40. Nxb5 Bxb4 41. Nxc7 Bd6 42. Nb5 Bg3 43. d4 Ke7 44. d5 Be5 45. d6+ Kd7 46. g4 hxg3 47. Kg4 g2 48. Kf5 g1=Q 49. Kg6 Qb1+ 50. Kf7 Qb3+ 51. Kg6 Qxb5 52. h4 gxh4 53. Kf7 Qd5+ 54. Kg6 Qxd6 55. Kh5 h3 56. Kh4 h2 57. Kg4 Qd4+ 58. Kf5 h1=Q 59. Kg6 Qg2+ 60. Kf5 Qf4# 0-1

[Event "CAN-op"]
[Site "Edmonton CAN"]
[Date "2005.07.16"]
[Round "9"]
[White "Campbell, Brett"]
[Black "Peterson, Curtis"]
[Result "1-0"]
[WhiteElo "2250"]
[BlackElo "1884"]
[PlyCount "79"]
[GameId "2160767910902096"]
[EventDate "2005.07.09"]
[EventType "swiss"]
[EventRounds "10"]
[EventCountry "CAN"]
[SourceTitle "CBM 107 Extra"]
[Source "ChessBase"]
[SourceDate "2005.09.01"]
[SourceVersion "1"]
[SourceVersionDate "2005.09.01"]
[SourceQuality "1"]

1. Nf3 Nf6 2. g3 g6 3. Bg2 Bg7 4. O-O O-O 5. c4 d6 6. d4 Nbd7 7. Nc3 c6 8. e4 e5 9. d5 cxd5 10. cxd5 Nc5 11. Qc2 Bg4 12. Nd2 Rc8 13. b4 Na6 14. a3 Bd7 15. Qd3 Nh5 16. Nb3 f5 17. Be3 b6 18. f3 f4 19. Bf2 fxg3 20. hxg3 Nc7 21. a4 Qg5 22. Ne2 Bh6 23. Rfc1 Qf6 24. Be3 g5 25. Qd2 Kh8 26. Nbd4 Rg8 27. g4 Nf4 28. Ng3 Bf8 29. Nc6 Nce6 30. Nf5 Bxc6 31. Rxc6 Rxc6 32. dxc6 Nd4 33. Bxd4 exd4 34. Bf1 Bg7 35. Rd1 Ne6 36. Bc4 h5 37. Bxe6 Qxe6 38. Qxg5 hxg4 39. Qh5+ Bh6 40. Qxh6+ 1-0

[Event "CAN-op"]
[Site "Edmonton CAN"]
[Date "2005.07.16"]
[Round "9"]
[White "Cannon, Farley"]
[Black "Baser, Arthur"]
[Result "1/2-1/2"]
[WhiteElo "1432"]
[BlackElo "1560"]
[PlyCount "74"]
[GameId "2160767910902097"]
[EventDate "2005.07.09"]
[EventType "swiss"]
[EventRounds "10"]
[EventCountry "CAN"]
[SourceTitle "CBM 107 Extra"]
[Source "ChessBase"]
[SourceDate "2005.09.01"]
[SourceVersion "1"]
[SourceVersionDate "2005.09.01"]
[SourceQuality "1"]

1. e4 e5 2. Nf3 Nc6 3. Bc4 Bc5 4. c3 Nf6 5. d4 exd4 6. cxd4 Bb4+ 7. Nc3 Bxc3+ 8. bxc3 Nxe4 9. d5 Ne7 10. O-O O-O 11. Re1 Nf6 12. d6 Nf5 13. Ba3 c6 14. Qc2 Nh6 15. h3 b5 16. Bd3 Nd5 17. Bxh7+ Kh8 18. Bc1 Qf6 19. Bb2 b4 20. c4 Nc3 21. a3 c5 22. Bxc3 bxc3 23. Bd3 Rb8 24. Rac1 Qxd6 25. Ng5 Qf4 26. Nf3 Bb7 27. Be4 f5 28. Bxb7 Rxb7 29. Ne5 Kh7 30. Qxc3 Rfb8 31. Nd3 Qd6 32. Ne5 Rb3 33. Qa1 Rb2 34. Rcd1 Rd2 35. Rxd2 Qxd2 36. Rd1 Qc2 37. Qc1 Qe2 1/2-1/2

[Event "CAN-op"]
[Site "Edmonton CAN"]
[Date "2005.07.16"]
[Round "9"]
[White "Caron, Harvey"]
[Black "Culjaga, Marko"]
[Result "1-0"]
[WhiteElo "1741"]
[BlackElo "1435"]
[PlyCount "119"]
[GameId "2160767910902098"]
[EventDate "2005.07.09"]
[EventType "swiss"]
[EventRounds "10"]
[EventCountry "CAN"]
[SourceTitle "CBM 107 Extra"]
[Source "ChessBase"]
[SourceDate "2005.09.01"]
[SourceVersion "1"]
[SourceVersionDate "2005.09.01"]
[SourceQuality "1"]

1. e4 e5 2. Nf3 Nc6 3. Bb5 d6 4. d4 exd4 5. Nxd4 Bd7 6. O-O Nf6 7. c4 a6 8. Nxc6 Bxc6 9. Bxc6+ bxc6 10. Bg5 Be7 11. Nc3 O-O 12. Qa4 Nxe4 13. Nxe4 Bxg5 14. Nxg5 Qxg5 15. Qxc6 Qf6 16. b3 Rfc8 17. Rfd1 Qe5 18. Rab1 Qe2 19. a4 a5 20. Re1 Qc2 21. Rec1 Qd3 22. Rd1 Qc2 23. Rdc1 Qd3 24. c5 dxc5 25. Qxc5 Rab8 26. Qc4 Qxc4 27. Rxc4 g6 28. Rc5 Rd8 29. Rxa5 Rxb3 30. Rc1 Rd2 31. Rac5 Rbb2 32. Rf1 Rdc2 33. Rxc2 Rxc2 34. Ra1 Rc6 35. a5 Ra6 36. f3 Kf8 37. Kf2 Ke7 38. Ke3 Kd6 39. Kd4 c5+ 40. Kc4 Kc6 41. f4 h6 42. Ra2 g5 43. g3 gxf4 44. gxf4 Kb7 45. Kxc5 Rf6 46. a6+ Ka7 47. Ra4 Rf5+ 48. Kd6 Rh5 49. Ke7 Rxh2 50. Kxf7 Rg2 51. f5 h5 52. f6 Rg4 53. Ra5 h4 54. Rh5 Kxa6 55. Kf8 Kb6 56. f7 Kc6 57. Rh7 Kd7 58. Rg7 Rf4 59. Kg8 Rxf7 60. Rxf7+ 1-0

[Event "CAN-op"]
[Site "Edmonton CAN"]
[Date "2005.07.16"]
[Round "9"]
[White "Cashin, Ken"]
[Black "MacKinnon, Keith"]
[Result "1-0"]
[WhiteElo "1761"]
[BlackElo "1592"]
[PlyCount "145"]
[GameId "2160767910902099"]
[EventDate "2005.07.09"]
[EventType "swiss"]
[EventRounds "10"]
[EventCountry "CAN"]
[SourceTitle "CBM 107 Extra"]
[Source "ChessBase"]
[SourceDate "2005.09.01"]
[SourceVersion "1"]
[SourceVersionDate "2005.09.01"]
[SourceQuality "1"]

1. e4 c5 2. Nf3 d6 3. d4 Nf6 4. Nc3 cxd4 5. Nxd4 g6 6. Be3 Bg7 7. Be2 O-O 8. O-O Nc6 9. Kh1 Bd7 10. f4 Rc8 11. Nb3 h5 12. Bg1 Qc7 13. Bf3 Rfe8 14. Rb1 Qb8 15. Qe2 b6 16. Rfd1 Qc7 17. a3 Nb8 18. Qd3 Bc6 19. Nd4 Bd7 20. Rf1 Nc6 21. Nxc6 Bxc6 22. Rbe1 Rcd8 23. f5 Ba8 24. fxg6 fxg6 25. Bd4 Nd7 26. Nb5 Qb8 27. Qc4+ e6 28. Bxg7 Kxg7 29. Qd4+ Nf6 30. Qe3 d5 31. e5 Ng8 32. Bxh5 Rf8 33. Qg5 Rxf1+ 34. Rxf1 Rf8 35. Qxg6+ Kh8 36. Rf7 Rxf7 37. Qxf7 Qxe5 38. h3 Qxb2 39. Nc7 Qa1+ 40. Kh2 Qe5+ 41. g3 Bc6 42. Nxe6 d4 43. Nf8 Qg7 44. Qxg7+ Kxg7 45. Ne6+ Kf6 46. Nxd4 Bd5 47. Bf3 Bf7 48. Kg2 a5 49. Kf2 Ke5 50. Ke3 Be8 51. c3 Ne7 52. Be4 Bd7 53. h4 Ng8 54. Nf3+ Kd6 55. Kd4 Nf6 56. Ne5 Be6 57. Bf3 Bg8 58. g4 Ne8 59. g5 Ng7 60. Bg4 Bh7 61. h5 Nf5+ 62. Bxf5 Bxf5 63. Nc4+ Ke6 64. Nxb6 Bh7 65. c4 Kd6 66. Nd5 Bf5 67. c5+ Kd7 68. Ke5 Bb1 69. Nf6+ Ke7 70. c6 Kd8 71. g6 Kc7 72. g7 Ba2 73. Nd5+ 1-0

[Event "CAN-op"]
[Site "Edmonton CAN"]
[Date "2005.07.16"]
[Round "9"]
[White "Chan, Michael2"]
[Black "Lynn, Jim"]
[Result "1-0"]
[WhiteElo "1700"]
[BlackElo "1871"]
[PlyCount "27"]
[GameId "2160767910902100"]
[EventDate "2005.07.09"]
[EventType "swiss"]
[EventRounds "10"]
[EventCountry "CAN"]
[SourceTitle "CBM 107 Extra"]
[Source "ChessBase"]
[SourceDate "2005.09.01"]
[SourceVersion "1"]
[SourceVersionDate "2005.09.01"]
[SourceQuality "1"]

1. d4 Nf6 2. Nf3 g6 3. Bf4 Bg7 4. e3 Nh5 5. Bg5 d5 6. Bd3 h6 7. Bh4 g5 8. Bg3 Nxg3 9. fxg3 Nd7 10. O-O O-O 11. c4 c6 12. Nxg5 hxg5 13. Qh5 Nf6 14. Rxf6 1-0